000 00520cam a2200205 4500
008 090401t1983 xxu||||| |||| 00| 0 eng d
020 _a0906600650
035 _a(Sirsi) u27574
041 _aeng
050 _a692.5
110 _aChartered Institute of Building
_92134
245 _aCode of estimating practice
250 _a5th ed.
260 _aAscot,Berks
_bChartered Institute of Building
_c1983
300 _avi,132p. ; 30cm.
350 _a9
650 _aESTIMATING
942 _n0
948 _c04/03/1997
999 _c89128
_d89128